| 000 | 00715nam a2200229 i 4500 | ||
|---|---|---|---|
| 001 | 63238 | ||
| 003 | ES-MaACL | ||
| 005 | 20230906164819.0 | ||
| 007 | t| | ||
| 008 | 031204s1986 sp ||||1| spa d | ||
| 020 | _a84-01-38075-8 | ||
| 100 | 1 |
_aFernández Santos, Jesús. _950079 |
|
| 245 | 1 | 0 |
_aHistoria de la dama _b: ; El corazón de una ciudad / _cJesús Fernández Santos. |
| 250 | _a1ª ed. | ||
| 260 |
_aEsplugues de Llobregat (Barcelona) : _bPlaza & Janés, _c1986. |
||
| 300 |
_a159 p. ; _c19 cm. |
||
| 490 | 1 | _aPlaza & Janés literaria | |
| 740 | 3 | _aEl corazón de una ciudad. | |
| 830 | 0 |
_aPlaza & Janés literaria _9177814 |
|
| 852 |
_aES-MaACL _jL-11167 _bR.112406 |
||
| 999 |
_c63238 _d63238 |
||